[Event "COL-ch U10 Girls"]
[Site "Bogota"]
[Date "2011.06.02"]
[Round "6.1"]
[White "Frayle Vela, Maria Isabel"]
[Black "Cardenas, Laura"]
[Result "0-1"]
[WhiteElo "1341"]
[BlackElo "1389"]
[PlyCount "48"]
[EventDate "2011.05.31"]
[EventType "swiss"]
[EventRounds "9"]
[EventCountry "COL"]
[SourceTitle "EXT 2024"]
[Source "ChessBase"]
[SourceDate "2023.10.10"]
[SourceVersion "1"]
[SourceVersionDate "2023.10.10"]
[SourceQuality "1"]

1. e4 e5 2. Nf3 Nc6 3. d4 exd4 4. Bc4 Bc5 5. 0-0 d6 6. Re1 Bg4 7. Qd3 Nf6 8. e5 dxe5 9. Nxe5 Nxe5 10. Rxe5+ Be7 11. Rg5 0-0 12. h3 Bh5 13. Na3 Bg6 14. Qg3 Ne4 15. Qf3 Nxg5 16. Qxb7 Re8 17. Bf4 Bd6 18. Bxd6 Qxd6 19. Nb5 Qb6 20. Qd5 Ne6 21. Qd7 Rad8 22. Qxe8+ Rxe8 23. Re1 Qa5 24. b4 Qxb4 0-1

[Event "COL-ch U10 Girls"]
[Site "Bogota"]
[Date "2011.05.31"]
[Round "1.1"]
[White "Mejia, Mariana1111"]
[Black "Frayle Vela, Maria Isabel"]
[Result "1-0"]
[WhiteElo "1577"]
[BlackElo "1341"]
[PlyCount "55"]
[EventDate "2011.05.31"]
[EventType "swiss"]
[EventRounds "9"]
[EventCountry "COL"]
[SourceTitle "EXT 2024"]
[Source "ChessBase"]
[SourceDate "2023.10.10"]
[SourceVersion "1"]
[SourceVersionDate "2023.10.10"]
[SourceQuality "1"]

1. e4 e5 2. Nf3 Nc6 3. Nc3 Bc5 4. Bc4 Nf6 5. 0-0 0-0 6. d3 Re8 7. Bg5 Be7 8. Nd5 h6 9. Bh4 Nxd5 10. Bxe7 Ndxe7 11. d4 Ng6 12. c3 exd4 13. Nxd4 Nxd4 14. Qxd4 d6 15. Rad1 Nf4 16. e5 Nxg2 17. Kxg2 Qg5+ 18. Kh1 Rxe5 19. f4 Qg6 20. fxe5 b6 21. Bxf7+ Kh8 22. Bxg6 Bb7+ 23. Be4 Bxe4+ 24. Qxe4 Re8 25. Qg6 Rg8 26. Rg1 dxe5 27. Rd8 Rxd8 28. Qxg7# 1-0